University and society : (Record no. 639)
[ view plain ]
| 000 -LEADER | |
|---|---|
| fixed length control field | 01082nam a22002897a 4500 |
| 001 - CONTROL NUMBER | |
| control field | 2595703 |
| 005 - DATE AND TIME OF LATEST TRANSACTION | |
| control field | 20231004082804.0 |
| 008 - FIXED-LENGTH DATA ELEMENTS--GENERAL INFORMATION | |
| fixed length control field | 231004b |||||||| |||| 00| 0 eng d |
| 010 ## - LIBRARY OF CONGRESS CONTROL NUMBER | |
| LC control number | 96980601 |
| 020 ## - INTERNATIONAL STANDARD BOOK NUMBER | |
| International Standard Book Number | 9982070312 |
| 040 ## - CATALOGING SOURCE | |
| Original cataloging agency | DLC |
| Transcribing agency | KMU |
| Modifying agency | KMU |
| Description conventions | rda |
| 042 ## - AUTHENTICATION CODE | |
| Authentication code | lcode |
| 043 ## - GEOGRAPHIC AREA CODE | |
| Geographic area code | f-za--- |
| 050 00 - LIBRARY OF CONGRESS CALL NUMBER | |
| Classification number | LC 67.65.Z33 Mwa |
| 100 1# - MAIN ENTRY--PERSONAL NAME | |
| Personal name | Mwanalushi, Muyunda. |
| 245 10 - TITLE STATEMENT | |
| Title | University and society : |
| Remainder of title | the role of the university in national development / |
| Statement of responsibility, etc. | Muyunda Mwanalushi. |
| 246 14 - VARYING FORM OF TITLE | |
| Title proper/short title | Role of the university in national development : |
| Remainder of title | university and society |
| 260 ## - PUBLICATION, DISTRIBUTION, ETC. | |
| Place of publication, distribution, etc. | Ndola, Zambia : |
| Name of publisher, distributor, etc. | Mission Press, |
| Date of publication, distribution, etc. | c1995. |
| 300 ## - PHYSICAL DESCRIPTION | |
| Extent | v, 97 p. ; |
| Dimensions | 21 cm. |
| 504 ## - BIBLIOGRAPHY, ETC. NOTE | |
| Bibliography, etc. note | Includes bibliographical references (p. 91-94) and index. |
| 650 #0 - SUBJECT ADDED ENTRY--TOPICAL TERM | |
| Topical term or geographic name entry element | Education, Higher |
| General subdivision | Economic aspects |
| Geographic subdivision | Zambia. |
| 650 #0 - SUBJECT ADDED ENTRY--TOPICAL TERM | |
| Topical term or geographic name entry element | Economic development |
| General subdivision | Effect of education on. |
| 650 #0 - SUBJECT ADDED ENTRY--TOPICAL TERM | |
| Topical term or geographic name entry element | Education, Higher |
| General subdivision | Social aspects |
| Geographic subdivision | Zambia. |
| 906 ## - LOCAL DATA ELEMENT F, LDF (RLIN) | |
| a | 7 |
| b | cbc |
| c | origode |
| d | 3 |
| e | ncip |
| f | 19 |
| g | y-gencatlg |
| 942 ## - ADDED ENTRY ELEMENTS (KOHA) | |
| Source of classification or shelving scheme | Library of Congress Classification |
| Koha item type | Non-Fiction |
| Suppress in OPAC | No |
| Withdrawn status | Lost status | Source of classification or shelving scheme | Damaged status | Not for loan | Collection | Home library | Current library | Shelving location | Date acquired | Source of acquisition | Total Checkouts | Full call number | Barcode | Date last seen | Price effective from | Koha item type | Date last checked out |
|---|---|---|---|---|---|---|---|---|---|---|---|---|---|---|---|---|---|
| Library of Congress Classification | Non-fiction | Kapasa Makasa University | Kapasa Makasa University | Open Access | 04.10.2023 | Book Aid | LC 67.65.Z33 Mwa | 747857 | 04.10.2023 | 04.10.2023 | Non-Fiction | ||||||
| Library of Congress Classification | Non-fiction | Kapasa Makasa University | Kapasa Makasa University | Open Access | 04.10.2023 | Book Aid | 1 | LC 67.65.Z33 Mwa | 747859 | 16.07.2024 | 04.10.2023 | Non-Fiction | 27.06.2024 | ||||
| Library of Congress Classification | Non-fiction | Kapasa Makasa University | Kapasa Makasa University | Open Access | 04.10.2023 | Book Aid | LC 67.65.Z33 Mwa | 747858 | 04.10.2023 | 04.10.2023 | Non-Fiction |